000 00768nam a22002657a 4500
001 BR0404204
003 BR-BrBNA
005 20230928101711.0
007 ta
008 230509b bl.||||| |||| 00| 0 por d
040 _aBR-BrBNA
_bpor
_cBiblioteca Nacional de Agricultura
041 _a(Por)
072 _aE50
090 _ E50 BR0404204
110 1 _aMinistério da Previdência Social, Brasília, DF (Brasil)
_97442
245 1 _aPrevidência social: guia do trabalhador; saiba como utilizar o seu seguro social
260 3 _aBrasília, DF (Brasil):
_c2003.
300 _a24 p.
650 _aPREVIDÊNCIA RURAL
650 _aSAÚDE
650 _aSOCIOLOGIA RURAL
650 _aTRABALHADOR RURAL
909 _a202309
_bLucia
_c55
_dLucia Elande
942 _cBK
999 _c67152
_d67152